| 000 | 00495nam a22001817a 4500 | ||
|---|---|---|---|
| 005 | 20260512162059.0 | ||
| 008 | 260512b |||||||| |||| 00| 0 eng d | ||
| 020 |
_a9788123900131 _c475.00 |
||
| 040 | _aMAIN | ||
| 041 | _aEnglish | ||
| 082 |
_a551 _bMAH |
||
| 100 |
_aMahapatra, Girija Bhushan _921076 |
||
| 245 |
_aText Book of Geology _b: With Special Reference to India |
||
| 260 |
_aNew Delhi _bCBS Publishers _c2026 |
||
| 300 | _a366 | ||
| 650 |
_aGeology (PM USHA) _926712 |
||
| 942 | _cBK | ||
| 999 |
_c60767 _d60767 |
||